| 000 | 00831am a2200277a 44500 | ||
|---|---|---|---|
| 003 | AR-BaBNM | ||
| 005 | 20251128203811.0 | ||
| 008 | 106019s1964 #AR|||||||||||000 | esp|| | ||
| 040 | _cAR-BaBNM | ||
| 100 | 1 | _aSpranger, Eduard | |
| 245 | 1 | 0 | _aLas ciencias del espíritu y la escuela |
| 250 | _a5ª ed. | ||
| 260 |
_aBuenos Aires _bLosada _c1964 |
||
| 300 | _a139 p. | ||
| 490 | 0 | _aPublicaciones de la Revista de Pedagogía. Biblioteca del Maestro | |
| 504 | _aContiene bibliografía en notas a pie de página | ||
| 650 | 4 | _aTEORIA DE LA EDUCACION | |
| 650 | 4 | _aORGANIZACION DE LA EDUCACION | |
| 650 | 4 | _aPSICOLOGIA DE LA EDUCACION | |
| 650 | 4 | _aFILOSOFIA DE LA EDUCACION | |
| 650 | 4 | _aHISTORIA DE LA EDUCACION | |
| 653 | _aPEDAGOGOS | ||
| 700 | 1 |
_aRoura Parella, Juan _etraductor |
|
| 942 | _cBK | ||
| 998 | _cSILVI | ||
| 999 |
_c4983 _d4983 |
||